Get used to FIDIC conditions (Record no. 76463)
[ view plain ]
| 000 -LEADER | |
|---|---|
| fixed length control field | 01362cab a2200217 4500 |
| 001 - CONTROL NUMBER | |
| control field | ##L132469 |
| 008 - FIXED-LENGTH DATA ELEMENTS--GENERAL INFORMATION | |
| fixed length control field | 060213n2006 000 0 eng u |
| 035 ## - SYSTEM CONTROL NUMBER | |
| System control number | (Sirsi) u132469 |
| 041 0# - LANGUAGE CODE | |
| Language code of text/sound track or separate title | eng |
| 100 1# - MAIN ENTRY--PERSONAL NAME | |
| Personal name | Cottam, Guy |
| 245 00 - TITLE STATEMENT | |
| Title | Get used to FIDIC conditions |
| 260 ## - PUBLICATION, DISTRIBUTION, ETC. | |
| Date of publication, distribution, etc. | 2006 |
| 490 #0 - SERIES STATEMENT | |
| Series statement | Construction News |
| Volume/sequential designation | (6953) 9 February 2006, 37(1) |
| 520 ## - SUMMARY, ETC. | |
| Summary, etc. | Looks at some of the key provisions of the FIDIC conditions of contract, including those dealing with insurance and time limits, and examines the role and powers of the Dispute Adjudication Board, which is appointed at the commencement of each contract. The author emphasises that contractors and sub-contractors must familiarise themselves with FIDIC conditions before entering into these contracts. |
| 590 ## - LOCAL NOTE (RLIN) | |
| Local note | IKA140206 |
| 650 24 - SUBJECT ADDED ENTRY--TOPICAL TERM | |
| Topical term or geographic name entry element | FIDIC CONDITIONS OF CONTRACT FOR CONSTRUCTION FOR BUILDING AND ENGINEERING WORKS DESIGNED BY THE EMPLOYER (1999 EDITION) |
| 650 24 - SUBJECT ADDED ENTRY--TOPICAL TERM | |
| Topical term or geographic name entry element | FIDIC CONDITIONS OF CONTRACT FOR PLANT AND DESIGN-BUILD FOR ELECTRICAL AND MECHANICAL PLANT AND FOR BUILDING AND ENGINEERING WORKS DESIGNED BY THE CONTRACTOR 1999 EDITION |
| 650 24 - SUBJECT ADDED ENTRY--TOPICAL TERM | |
| Topical term or geographic name entry element | FIDIC CONDITIONS OF CONTRACT FOR EPC/TURNKEY PROJECTS 1999 EDITION |
| 690 ## - LOCAL SUBJECT ADDED ENTRY--TOPICAL TERM (OCLC, RLIN) | |
| Topical term or geographic name as entry element | BUILT ENVIRONMENT-BUILDING CONTRACT FORMS-STANDARD FORMS OF BUILDING CONTRACT-INTERNATIONAL FEDERATION OF CONSULTING ENGINEERS CONTRACTS |
| 942 ## - ADDED ENTRY ELEMENTS (KOHA) | |
| Suppress in OPAC | 0 |
| Withdrawn status | Lost status | Source of classification or shelving scheme | Damaged status | Not for loan | Home library | Current library | Shelving location | Date acquired | Total Checkouts | Full call number | Barcode | Date last seen | Copy number | Price effective from | Koha item type |
|---|---|---|---|---|---|---|---|---|---|---|---|---|---|---|---|
| Dewey Decimal Classification | London | London | Journal article | 13/02/2006 | L132469 | 132469-1001 | 06/08/2019 | 1 | 06/08/2019 | Journal article |